000 00619cab a2200217 4500
001 X3121
008 090401t1995 xxu||||| |||| 00| 0 eng d
035 _a(Sirsi) u28551
041 _aeng
245 4 _aThe importance of Childers v Anker
260 _c1995
350 _a0
490 _aCSM (Chartered Surveyor Monthly)
_v5(3) November/December 1995, 43(1)
520 _aLooks at key issues such as marriage value and scarcity value of land.
650 _aMARRIAGE VALUE
650 _aSCARCITY VALUE
650 _aTRUSTEES OF J W CHILDERS V S R ANKER
690 _aLAW
942 _n0
948 _c04/03/1997
999 _c19201
_d19201